skbl

Dr Suryya Kumar Bhuyan Library Web-OPAC
ডঃ সূৰ্য্য
কুমাৰ ভূঞা পুথিভঁৰাল ৱেব-অ'পেক

All Research Scholars are advised to clear the annual library fees to continue using Library Resources, Remote Access, Plagiarism Test and Library Clearance.

Cotton University Book Fair 2026

Political Geography / (Record no. 7543)

MARC details
000 -LEADER
fixed length control field 00614nam a2200229Ia 4500
001 - CONTROL NUMBER
control field 7556
008 - FIXED-LENGTH DATA ELEMENTS--GENERAL INFORMATION
fixed length control field 201204n ii |||gr||||Z||||||465
020 ## - INTERNATIONAL STANDARD BOOK NUMBER
International Standard Book Number 81-7033-374-5
020 ## - INTERNATIONAL STANDARD BOOK NUMBER
International Standard Book Number 81-7033-375-9
082 ## - DEWEY DECIMAL CLASSIFICATION NUMBER
Classification number 910.132
100 ## - MAIN ENTRY--PERSONAL NAME
Personal name Adhikari, Sudeepta .
245 #0 - TITLE STATEMENT
Title Political Geography /
Statement of responsibility, etc. Sudeepta Adhikari.
Medium Textual Documents
250 ## - EDITION STATEMENT
Edition statement 1st ed. /
260 ## - PUBLICATION, DISTRIBUTION, ETC.
Place of publication, distribution, etc. Jaipur :
Name of publisher, distributor, etc. Rawat Publications ,
Date of publication, distribution, etc. 1997.
300 ## - PHYSICAL DESCRIPTION
Extent xi, 546p. :
Other physical details ill. ;
Dimensions 22cm .
504 ## - BIBLIOGRAPHY, ETC. NOTE
Bibliography, etc. note Bib, Index
653 ## - INDEX TERM--UNCONTROLLED
Uncontrolled term Geography-Politics
653 ## - INDEX TERM--UNCONTROLLED
Uncontrolled term Geopolitics
653 ## - INDEX TERM--UNCONTROLLED
Uncontrolled term PG-Geography
653 ## - INDEX TERM--UNCONTROLLED
Uncontrolled term G-Geography
942 ## - ADDED ENTRY ELEMENTS (KOHA)
Source of classification or shelving scheme Dewey Decimal Classification
Koha item type Books
Holdings
Withdrawn status Lost status Damaged status Not for loan Home library Current library Date acquired Coded location qualifier Total checkouts Full call number Barcode Date last seen Copy number Price effective from Koha item type Shelving location Cost, normal purchase price Date last checked out Collection
        Dr. Suryya Kumar Bhuyan Library Dr. Suryya Kumar Bhuyan Library 01/02/2012 00000   910.132 Ad 42 Po 92510 13/01/2024 5 01/02/2012 Books        
        Dr. Suryya Kumar Bhuyan Library Dr. Suryya Kumar Bhuyan Library 01/02/2012 00000   910.132 Ad 42 Po 1847/cu 13/01/2024 6 01/02/2012 Books   1095.00    
        Dr. Suryya Kumar Bhuyan Library Dr. Suryya Kumar Bhuyan Library 01/02/2012 00000 2 910.132 Ad 42 Po 344/Geog 05/01/2026 3 01/02/2012 Books     08/12/2025  
        Dr. Suryya Kumar Bhuyan Library Dr. Suryya Kumar Bhuyan Library 01/02/2012 00000 1 910.132 Ad 42 Po 380/Geog 27/11/2025 1 01/02/2012 Books     13/10/2025  
        Dr. Suryya Kumar Bhuyan Library Dr. Suryya Kumar Bhuyan Library 01/02/2012 00000   910.132 Ad 42 Po 381/Geog 13/01/2024 2 01/02/2012 Books        
        Dr. Suryya Kumar Bhuyan Library Dr. Suryya Kumar Bhuyan Library 01/02/2012 00000 1 910.132 Ad 42 Po 482/geog 27/11/2025 7 01/02/2012 Books   1095.00 13/10/2025  
        Dr. Suryya Kumar Bhuyan Library Dr. Suryya Kumar Bhuyan Library 01/02/2012 00000 1 910.132 Ad 42 Po 599/Geog 27/11/2025 4 01/02/2012 Books     13/10/2025  

Designed and Maintained by Team SKBL
©1901-2026

Powered by Koha